Представление документа в формате RUSMARC

ПолеНазваниеЗначение
  Тип записи a
  Библиографический уровень a
001 Контрольный номер 35389649fe1e45fbb9319efe0d3d1ac2
005 Дата корректировки 20250908102041.6
100 Данные общей обработки __
a Данные общей обработки 20250908 ||| 0rusy0189 ca
101 Язык документа 0_
a Язык текста rus
102 Страна публикации __
a Страна публикации RU
200 Заглавие и сведения об ответственности 1_
a Заглавие "Дети-шпионы": "ДаМиНик" почти не виден
e Сведения, относящиеся к заглавию [анонс фильма и другие кинокартины на эту тему]
461 Уровень набора _0
1 2000
a Маруся
463 Уровень физической единицы _0
1 2000
a № 7 (387)
v С. 18-19 : фот.
1 2101
d 2025
1 00147868edcee5a4186ac02831be44f8d73
517 Другие варианты заглавия 1_
a Другие варианты заглавия Дети шпионы: ДаМиНик почти не виден
606 Тематические рубрики 0_
a Основная рубрика Киноискусство России. Жизнь и деятельность артистов и режиссёров
610 Ключевые слова 0_
a Ключевые слова российские фильмы, современное кино, фильмы о шпионах, фильмы о детях-шпионах, детское кино
686 Индексы других классификаций __
a Классификационный индекс 85.373(2)
801 Источник записи _0
a Страна RU
b Организация УОБДЮ
c Дата составления 20250908
g Правила каталогизации RCR
801 Источник записи _1
a Страна RU
b Организация УОБДЮ
c Дата составления 20250908
g Правила каталогизации RCR
901 Тип документа __
t Тип документа b
w Контрольный № источника 47868edcee5a4186ac02831be44f8d73
905 Данные по созданию БЗ __
b Логин пользователя, который создал БЗ ibo4
909 Создатель записи __
a Создатель записи Бобылёва И.В.
910 Корректоры записи __
a Корректор записи Бобылёва И.В.